000 00553nam a2200181Ia 4500
008 090124s9999 xx 000 0 und d
082 _b28584
_a1916
100 _aदाते हेमंत
245 _a निसर्ग बोलतोय भाग 2
250 _a1
260 _c1996
300 _a52
600 _aदाते हेमंत
630 _a निसर्ग बोलतोय भाग 2
700 _aदाते हेमंत
730 _a निसर्ग बोलतोय भाग 2
942 _cBOOK
999 _c142040
_d142040